[Event "Baku Open 2012"]
[Site "Baku AZE"]
[Date "2012.09.24"]
[Round "3.3"]
[White "Ghaem Maghami, E."]
[Black "Guseinov, G."]
[Result "1/2-1/2"]
[WhiteElo "2573"]
[BlackElo "2613"]
[PlyCount "56"]
[EventDate "2012.09.22"]
[SourceDate "1999.07.01"]

1. e4 c5 2. Nf3 g6 3. d4 cxd4 4. Qxd4 Nf6 5. Nc3 Nc6 6. Qa4 d6 7. e5 dxe5 8.
Nxe5 Bd7 9. Nxd7 Qxd7 10. Be3 Bg7 11. Rd1 Qc8 12. Be2 O-O 13. O-O Qc7 14. Rd2
a6 15. Rfd1 b5 16. Qf4 Qa5 17. a3 b4 18. axb4 Nxb4 19. Qg5 Qxg5 20. Bxg5 Rac8
21. Be3 h5 22. h3 e6 23. Bf3 Kh7 24. g4 hxg4 25. hxg4 Rc4 26. Be2 Rc6 27. Bf3
Rc4 28. Be2 Rc6 1/2-1/2

[Event "TCh-CHN 2012"]
[Site "Tianjin CHN"]
[Date "2012.07.13"]
[Round "9"]
[White "Bu Xiangzhi"]
[Black "Lu Shanglei"]
[Result "1-0"]
[WhiteElo "2668"]
[BlackElo "2514"]
[PlyCount "59"]
[EventDate "2012.04.28"]
[SourceDate "1999.07.01"]
[WhiteTeam "Shandong Gree Team"]
[BlackTeam "Zhejiang Yinzhou Team"]

1. Nf3 g6 2. e4 c5 3. c4 Bg7 4. d4 Nc6 5. dxc5 Qa5+ 6. Bd2 Qxc5 7. Nc3 Nf6 8.
Be2 O-O 9. h3 Qb6 10. Qc2 d6 11. O-O Be6 12. Be3 Qa5 13. a3 Rfc8 14. b4 Qd8 15.
Rfd1 Qf8 16. Rab1 Nd8 17. Nd5 Nd7 18. Qd2 Kh8 19. Nd4 Ne5 20. Rbc1 Bd7 21. Nb5
b6 22. f4 Nec6 23. c5 bxc5 24. bxc5 Nb7 25. cxd6 Nxd6 26. Nxd6 exd6 27. Ba6
Rcb8 28. Nc7 Rb2 29. Qxd6 Qxd6 30. Rxd6 1-0